Astrophysical radiation hydrodynamics (Record no. 9239)

MARC details
000 -LEADER
fixed length control field 01027nam a2200217Ia 4500
003 - CONTROL NUMBER IDENTIFIER
control field IN-BaIIA
008 - FIXED-LENGTH DATA ELEMENTS--GENERAL INFORMATION
fixed length control field 211028s9999 xx 000 0 eng d
020 ## - INTERNATIONAL STANDARD BOOK NUMBER
International Standard Book Number 90-277-2335-4
040 ## - CATALOGING SOURCE
Transcribing agency IIA Library
080 ## - UNIVERSAL DECIMAL CLASSIFICATION NUMBER
Universal Decimal Classification number 524.3-64(082.2)
Item number AST
111 ## - MAIN ENTRY--MEETING NAME
Meeting name or jurisdiction name as entry element NATO Advanced Study Institute Workshop on Astrophysical Radiation Hydrodynamics
Location of meeting Garching, Federal Republic of Germany
Date of meeting or treaty signing 1982 Aug. 2-13
9 (RLIN) 15519
245 #0 - TITLE STATEMENT
Title Astrophysical radiation hydrodynamics
Remainder of title proceedings of the NATO advanced study institute workshop on astrophysical radiation hydrodynamics, held in Garching, Federal Republic of Germany, 2-13 Aug, 1982
Statement of responsibility, etc. edited by Karl-Heinz A Winkler and Michael L. Norman
260 ## - PUBLICATION, DISTRIBUTION, ETC.
Place of publication, distribution, etc. Dordrecht
Name of publisher, distributor, etc. D. Reidel Publishing
Date of publication, distribution, etc. 1986
300 ## - PHYSICAL DESCRIPTION
Extent viii, 590p.
490 ## - SERIES STATEMENT
Series statement NATO ASI series. series C : mathematical and physical scienc
650 ## - SUBJECT ADDED ENTRY--TOPICAL TERM
Topical term or geographic name entry element Astronomy and astrophysics thesaurus
650 ## - SUBJECT ADDED ENTRY--TOPICAL TERM
Topical term or geographic name entry element Radiative transfer
9 (RLIN) 1568
700 ## - ADDED ENTRY--PERSONAL NAME
Personal name Norman, Michael L., ed.
9 (RLIN) 15520
700 ## - ADDED ENTRY--PERSONAL NAME
Personal name Winkler, Karl-Heinz A., ed.
9 (RLIN) 15521
942 ## - ADDED ENTRY ELEMENTS (KOHA)
Koha item type Books
Holdings
Withdrawn status Lost status Damaged status Not for loan Home library Current library Shelving location Date acquired Cost, normal purchase price Total Checkouts Full call number Barcode Date last seen Cost, replacement price Price effective from Koha item type Purchase Price
        IIA Library-Bangalore IIA Library-Bangalore General Stacks   1621.50   524.3-64(082.2)/ AST 10146 05/11/2021 1621.50   Books Rs. 1621.50

Powered by Koha